| 000 | 00903 a2200241 4500 | ||
|---|---|---|---|
| 001 | 76309 | ||
| 003 | TR-AnTOB | ||
| 005 | 20241217095329.0 | ||
| 008 | 090820m20049999tu 00010 tur | ||
| 040 |
_aTR-AnTOB _cTR-AnTOB |
||
| 041 | _atur | ||
| 050 | 0 |
_aJOURNAL _bMAKi |
|
| 090 | _aJOURNAL MAKi | ||
| 245 | 0 | _aMakine Magazin | |
| 264 | 1 |
_aİstanbul: _bDünya Yayıncılık, _c2004- |
|
| 310 | _aAylık | ||
| 500 | _aKütüphanedeki mevcutlar:(Ocak, Şubat, Mart, Nisan, Mayıs, Haziran, Temmuz, Ağustos, Eylül, Ekim, Kasım, Aralık),2006.(Ocak, Şubat, Mart, Nisan, Mayıs, Haziran, Temmuz, Ağustos, Eylül),2007. (Ocak, Şubat, Mart, Nisan, Mayıs, Haziran, Temmuz, Ağustos,Eylül, Ekim, Kasım, Aralık),2008. | ||
| 650 |
_aMakine _zTürkiye _vSüreli Yayınlar _959394 |
||
| 650 |
_aMachinery _zTurkey _vPeridocals _959393 |
||
| 903 | _aSüreli Yayınlar Bölümü | ||
| 942 |
_cCR _2lcc |
||
| 999 |
_c76309 _d24256 |
||